| 000 | 00647nam a2200217 a 4500 | ||
|---|---|---|---|
| 999 |
_c3142 _d3142 |
||
| 001 | 3142 | ||
| 003 | BD-JhCC | ||
| 005 | 20180423111908.0 | ||
| 008 | 171111s1981 bg |||| ||a| 000 0 ben d | ||
| 035 | _a(BD-JhCC)3142 | ||
| 040 |
_aBD-JhCC _dBD-JhCC |
||
| 041 | _aben | ||
| 082 |
_a891.442 _bCHO 1981 |
||
| 100 | _aচৌধুরী, কবীর | ||
| 245 |
_aপ্রসঙ্গ নাটক / _cকবীর চৌধুরী |
||
| 260 |
_aঢাকা : _bবাংলাদেশ শিল্পকলা একাডেমী, _c1981. |
||
| 300 |
_a290 p. : _c21 cm. |
||
| 650 | _aBengali Drama | ||
| 942 |
_2ddc _cBK |
||